Normal view MARC view

Entry Personal Name

Number of records used in: 1

001 - CONTROL NUMBER

  • control field: 1631

003 - CONTROL NUMBER IDENTIFIER

  • control field: DLC

005 - DATE AND TIME OF LATEST TRANSACTION

  • control field: 20200128102408.0

008 - FIXED-LENGTH DATA ELEMENTS

  • fixed length control field: 771216n| acannaab| |a aaa

010 ## - LIBRARY OF CONGRESS CONTROL NUMBER

  • LC control number: n 77018263

040 ## - CATALOGING SOURCE

  • Original cataloging agency: DLC
  • Transcribing agency: DLC
  • Modifying agency: MWA
  • Modifying agency: DLC

100 10 - HEADING--PERSONAL NAME

  • Personal name: Woodman, Richard W.

400 10 - SEE FROM TRACING--PERSONAL NAME

  • Personal name: Woodman, Richard
  • Fuller form of name: (Richard W.)

670 ## - SOURCE DATA FOUND

  • Source citation: His A comprehensive look at ... 1977:
  • Information found: t.p. (Richard W. Woodman)

670 ## - SOURCE DATA FOUND

  • Source citation: Hellriegel, D. Organizational behavior, c1983:
  • Information found: CIP t.p. (Richard Woodman)

670 ## - SOURCE DATA FOUND

  • Source citation: Organizational behaviour, c1995:
  • Information found: CIP t.p.(Richard W. Woodman; Texas A&M Univ.)

Powered by Koha